| 000 | 00594nam a2200217Ia 4500 | ||
|---|---|---|---|
| 005 | 20240208104920.0 | ||
| 008 | 131103s9999 xx 000 0 und d | ||
| 040 | _aLoreto College | ||
| 041 | _aEnglish | ||
| 082 |
_a370.15 _bBER |
||
| 100 | _aBernard,Harold W. | ||
| 245 |
_aMental Hygiene for Classroom Teachers, _cHarold W.Bernard |
||
| 250 | _a2nd ed. | ||
| 260 |
_aNew York _bMcGraw - Hill _c1961 |
||
| 300 |
_axi,498 p. _b ill.,fig.,dia. |
||
| 504 | _aIncludes references and index | ||
| 650 | _aEducation | ||
| 651 | _aEducational Psychology | ||
| 850 | _aLCLIB | ||
| 942 | _cBK | ||
| 999 |
_c3745 _d54224 |
||